My billion Bible dream / (Record no. 3991)

MARC details
000 -LEADER
fixed length control field 00804pam a2200253 a 4500
001 - CONTROL NUMBER
control field 1389323
003 - CONTROL NUMBER IDENTIFIER
control field GBCCL
005 - DATE AND TIME OF LATEST TRANSACTION
control field 20241126110508.0
008 - FIXED-LENGTH DATA ELEMENTS--GENERAL INFORMATION
fixed length control field 821028s1982 tnuaf 000 0 eng
010 ## -
-- 82022264
020 ## - INTERNATIONAL STANDARD BOOK NUMBER
International Standard Book Number 084075812X (pbk.) :
Terms of availability $5.95
040 ## - CATALOGING SOURCE
Original cataloging agency DLC
Transcribing agency DLC
Modifying agency DLC
050 00 -
-- BV2370.B653
-- P83 1982
082 00 - DEWEY DECIMAL CLASSIFICATION NUMBER
Classification number 266
Edition information 19
Item number PUD
100 1# - MAIN ENTRY--PERSONAL NAME
Personal name Pudaite, Rochunga.
9 (RLIN) 3788
245 10 - TITLE STATEMENT
Title My billion Bible dream /
Statement of responsibility, etc. by Rochunga Pudaite, with James Hefley.
260 ## - PUBLICATION, DISTRIBUTION, ETC.
Place of publication, distribution, etc. Nashville :
Name of publisher, distributor, etc. T. Nelson,
Date of publication, distribution, etc. c1982.
300 ## - PHYSICAL DESCRIPTION
Extent 176 p., [2] leaves of plates :
Other physical details ill. ;
Dimensions 21 cm.
600 10 - SUBJECT ADDED ENTRY--PERSONAL NAME
Personal name Pudaite, Rochunga.
9 (RLIN) 3788
610 20 - SUBJECT ADDED ENTRY--CORPORATE NAME
Corporate name or jurisdiction name as entry element Bibles for the World (Organization)
General subdivision History.
9 (RLIN) 9395
700 1# - ADDED ENTRY--PERSONAL NAME
Personal name Hefley, James C.
9 (RLIN) 494
906 ## - LOCAL DATA ELEMENT F, LDF (RLIN)
a 7
b cbc
c orignew
d 1
e ocip
f 19
g y-gencatlg
942 ## - ADDED ENTRY ELEMENTS (KOHA)
Source of classification or shelving scheme Dewey Decimal Classification
Koha item type Books
Holdings
Withdrawn status Lost status Source of classification or shelving scheme Damaged status Not for loan Home library Current Library Shelving location Date acquired Total checkouts Full call number Barcode Date last seen Copy number Price effective from Koha item type
    Dewey Decimal Classification     GRACE BIBLE COLLEGE GRACE BIBLE COLLEGE Ministry & Mission 2017-12-19   266 PUD 001013 2025-05-01 c.1 2017-12-19 Books
    Dewey Decimal Classification     GRACE BIBLE COLLEGE GRACE BIBLE COLLEGE Ministry & Mission 2019-01-28   266 PUD 004256 2025-05-01 c.2 2019-01-28 Books
© Grace Bible College Library 2025